Name that Philosopher #2 - Statistics

General Stats
  • This quiz has been taken 54 times
  • The average score is 8 of 16
Answer Stats
Picture Answer % Correct
René Descartes
86%
Sigmund Freud
86%
Socrates
84%
Albert Camus
82%
Friedrich Nietzsche
82%
Confucius
75%
Niccolò Machiavelli
68%
Søren Kierkegaard
59%
Laozi
55%
Thomas Aquinas
50%
Martin Heidegger
48%
Sun Tzu
30%
Jacques Derrida
20%
Zeno of Citium
9%
Euclid
5%
Heraclitus of Ephesus
5%
No matching quizzes found
Score Distribution
Percent of People with Each Score
Percentile by Number Answered
Your Score History
You have not taken this quiz